LEADER 00933nam 2200337 450 001 990000876940203316 035 $a0087694 035 $aUSA010087694 035 $a(ALEPH)000087694USA01 035 $a0087694 100 $a20020116d1986----km-y0itay0103----ba 101 $aita 102 $aIT 105 $a||||||||001yy 200 1 $a<> ore, i giorni e gli anni come il vento$fSaverio Saluzzi 210 $aModica$cModerna$d1986 215 $a22 p.$d22 cm 410 $12001 461 1$1001-------$12001 676 $a851.914 700 1$aSALUZZI,$bSaverio$0185297 801 0$aIT$bsalbc$gISBD 912 $a990000876940203316 951 $aV MISC 14/30$b25756 LM$cV MISC 959 $aBK 969 $aUMA 979 $aPATTY$b90$c20020116$lUSA01$h1040 979 $c20020403$lUSA01$h1732 979 $aPATRY$b90$c20040406$lUSA01$h1700 996 $aOre, i giorni e gli anni come il vento$998284 997 $aUNISA LEADER 00999cam0-22003851i-450 001 990006761760403321 005 20170324092901.0 010 $a88-02-02496-0 035 $a000676176 035 $aFED01000676176 035 $a(Aleph)000676176FED01 035 $a000676176 100 $a20010426d1978----km-y0itay50------ba 101 0 $aita 102 $aIT 105 $ay-------001yy 200 1 $aLineamenti di storia delle idee economiche$fUmberto Meoli 210 $aTorino$cUTET$d1978 215 $aVII, 583 p.$d24 cm 676 $a940 676 $a330 700 1$aMeoli,$bUmberto$083234 801 0$aIT$bUNINA$gRICA$2UNIMARC 901 $aBK 912 $a990006761760403321 952 $aXI B 89$b8378$fFSPBC 952 $aXV F1 49$b2705$fDTE 952 $aD/0 MEO$b1342$fSES 952 $aU-3$b48713 ECONOMATO$fDDRC 959 $aFSPBC 959 $aDTE 959 $aDDRC 959 $aSES 996 $aLineamenti di storia delle idee economiche$945821 997 $aUNINA LEADER 01201nam--2200385---450- 001 990001899290203316 005 20060525111541.0 035 $a000189929 035 $aUSA01000189929 035 $a(ALEPH)000189929USA01 035 $a000189929 100 $a20040803d1982----km-y0itay0103----ba 101 0 $aita 102 $aIT 105 $a||||||||001yy 200 1 $a<> spirito come comportamento$fGilbert Ryle$ga cura di Ferruccio Rossi-Landi 210 $aRoma [etc.]$cLaterza$d1982 215 $aXL, 316 p.$d21 cm 225 $aBiblioteca di Cultura Moderna 410 0$12001$aBiblioteca di Cultura Moderna 454 1$12001$aThe concept of mind$930617 461 1$1001-------$12001 700 1$aRYLE,$bGilbert$051132 702 1$aROSSI-LANDI,$bFerruccio 801 0$aIT$bsalbc$gISBD 912 $a990001899290203316 951 $aII.1.D. 49(Varie Coll. 6/871)$b12325 L.M.$cVarie Coll. 959 $aBK 969 $aUMA 979 $aSIAV1$b10$c20040803$lUSA01$h1300 979 $aSIAV1$b10$c20040803$lUSA01$h1304 979 $aCOPAT2$b90$c20041213$lUSA01$h1046 979 $aCOPAT6$b90$c20060525$lUSA01$h1115 996 $aThe concept of mind$930617 997 $aUNISA